James Thomason (Record no. 553399)
[ view plain ]
| 000 -LEADER | |
|---|---|
| fixed length control field | 00498mam a2200157 4500 |
| 082 ## - DEWEY DECIMAL CLASSIFICATION NUMBER | |
| Classification number | 923.541 |
| Author Mark | TEM |
| 100 1# - MAIN ENTRY--PERSONAL NAME | |
| Personal name | Temple, Richard, |
| 9 (RLIN) | 50381 |
| 245 10 - TITLE STATEMENT | |
| Title | James Thomason |
| Statement of responsibility, etc. | by Sir Richard Temple. |
| 260 ## - PUBLICATION, DISTRIBUTION, ETC. | |
| Place of publication, distribution, etc. | Oxford, |
| Name of publisher, distributor, etc. | The Clarendon press, |
| Date of publication, distribution, etc. | 1893. |
| 300 ## - PHYSICAL DESCRIPTION | |
| Extent | vi, 215 p. |
| Other physical details | front. (port.) fold. map. |
| Dimensions | 20 cm. |
| 500 ## - GENERAL NOTE | |
| General note | Includes index. |
| 526 ## - STUDY PROGRAM INFORMATION NOTE | |
| Program name | 0 |
| Interest level | 0 |
| Reading level | 0 |
| Title point value | 923_541000000000000_TEM |
| 650 ## - SUBJECT ADDED ENTRY--TOPICAL TERM | |
| Topical term or geographic name entry element | MCE |
| 9 (RLIN) | 379 |
| 856 40 - ELECTRONIC LOCATION AND ACCESS | |
| Uniform Resource Identifier | <a href="http://www.columbia.edu/cgi-bin/cul/resolve?clio7004006">http://www.columbia.edu/cgi-bin/cul/resolve?clio7004006</a> |
| 942 ## - ADDED ENTRY ELEMENTS (KOHA) | |
| Source of classification or shelving scheme | |
| Koha item type | Book |
| Withdrawn status | Lost status | Source of classification or shelving scheme | Damaged status | Not for loan | Permanent Location | Current Location | Shelving location | Date acquired | Total Checkouts | Full call number | Barcode | Date last seen | Price effective from | Koha item type |
|---|---|---|---|---|---|---|---|---|---|---|---|---|---|---|
| Military College of Engineering (MCE) | Military College of Engineering (MCE) | 02/09/2015 | 923.541 TEM | MCE-ECJ .4 | 02/09/2015 | 02/09/2015 | Book |
